000 00351nam a2200133Ia 4500
008 231129s1981||||xx |||||||||||||| ||spa||
020 _a84-7102-173-0 (v.1
040 _bspa
082 _aR 635.903 P713
245 0 _aPlantas y flores
260 _c1981
264 _aBarcelona España : Marí­n
942 _2ddc
_cBKS
999 _c22848
_d22848